| 000 | 00370nam a22001217a 4500 | ||
|---|---|---|---|
| 008 | 241127b |||||||| |||| 00| 0 eng d | ||
| 020 | _a97830043330 | ||
| 050 |
_aPN 1978 _b.H34 |
||
| 100 | _aHogher Harry Iyorwuese | ||
| 245 | _aThe Tiv Kwaghhir a porpular Nigerian puppet theatre | ||
| 260 |
_aLagos _bCenter for black and African Arts and Civilization _c1990 |
||
| 942 | _cBK | ||
| 999 |
_c1783 _d1783 |
||